000 00251nam a22001097a 4500
082 _a923.2 ABD
100 _amullah abdul salam zaeef
_969360
245 _aGawanta Namo Ki Kahani
260 _aLAHORE
_bTATAB DOST
_c2007
300 _a96P
942 _cBK
999 _c576685
_d576685